000 00625nam a2200229Ia 4500
003 OSt
005 20220923230720.0
006 a|||||r|||| 00| 0
007 ta
008 Pun
020 _c16
024 _a305,030
037 _cTextual
040 _aARTS
_cARTS
_bPun
041 _2Pun
_aPun
082 _aW691, 153M0
100 _aਸਹਿਰਾਈ, ਪਿਆਰਾ ਸਿੰਘ
245 0 _aਵਿਚਾਰਧਾਰਕ ਸੰਗਰਾਮ ਅਤੇ ਸਾਹਿਤ
260 _c1980
942 _hW691, 153M0
_cTEXL
_2CC
999 _c386833
_d386833